000 00843cam a2200253 a 4500
001 BD-DhSAU 6768
003 BD-DhSAU
005 20150513141621.0
008 980825s1992 enk rb 001 0 eng
020 _a08511987664
040 _aBD-DhSAU
082 0 0 _a632.96
_222
_bBIO
245 0 0 _aBiological control of weeds :
_ba world catalogue of agents and their target weeds /
_cEditor: M.H. Julien
250 _a3rd ed.
260 _aOxon ;
_aNew York :
_bCABI Pub.,
_cc1992.
300 _ax, 186 p. ;
_c30 cm.
504 _aIncludes bibliographical references and indexes.
590 _ajoy
650 0 _aWeeds
_xBiological control.
650 0 _aBiological pest control agents.
700 1 _aJulien, M. H.
700 1 _aGriffiths, M. W.
856 4 2 _uhttp://www.loc.gov/catdir/enhancements/fy0636/98037232-d.html
942 _2ddc
_cBOOK
999 _c6768
_d6768